Faith and reason

Đã lưu trong:
Chi tiết về thư mục
Tác giả chính: Ferré, Nels F.S
Định dạng: Sách
Ngôn ngữ:Tiếng Anh
Được phát hành: Harper and Brothers. 1946.
Những chủ đề:
Các nhãn: Thêm thẻ
Không có thẻ, Là người đầu tiên thẻ bản ghi này!

MARC

LEADER 00000nam a22000005a 4500
001 9782
003 CL-ChBUA
005 20120815103215.0
008 070301s1946 xxu 000 0 eng
040 |a CL-ChBUA  |c CL-ChBUA 
082 0 0 |a 210 
090 |c 9782  |d 9782 
100 1 |a Ferré, Nels F.S. 
245 1 0 |a Faith and reason 
260 |b Harper and Brothers.  |c 1946. 
300 |c 20 cm. 
650 4 |a RELIGION NATURAL. 
942 |c LIB 
952 |0 0  |1 0  |4 0  |7 0  |9 14369  |a UNACH  |b UNACH  |c 200  |d 2007-03-05  |i 933.  |l 0  |o 210 / F 382.  |p 15368  |r 2017-06-05 00:00:00  |u 14369  |w 2012-08-08  |y LIB  |k 210 / F 382. 
999 |c 9782  |d 9782